Democratización, teoría y experiencia / (Registro nro. 5154)

Detalles MARC
000 -LEADER
fixed length control field 01656nam a2200349Ia 4500
003 - CONTROL NUMBER IDENTIFIER
control field OSt
005 - DATE AND TIME OF LATEST TRANSACTION
control field 20200407011001.0
008 - FIXED-LENGTH DATA ELEMENTS--GENERAL INFORMATION
fixed length control field 191128s2002 ck gr 001 0 spa d
020 ## - INTERNATIONAL STANDARD BOOK NUMBER
International Standard Book Number 9786071606198
040 ## - CATALOGING SOURCE
Original cataloging agency CO-JMCR
Transcribing agency CO-JMCR
041 1# - LANGUAGE CODE
Language code of text/sound track or separate title spa
Language code of original eng
082 04 - DEWEY DECIMAL CLASSIFICATION NUMBER
Classification number 321.8 /
Item number W337d
Edition number 21
100 1# - MAIN ENTRY--PERSONAL NAME
Personal name Whitehead, Laurence,
Relator term autor
9 (RLIN) 2613
245 10 - TITLE STATEMENT
Title Democratización, teoría y experiencia /
Statement of responsibility, etc. Laurence Whitehead ; traducción Liliana Andrade Llanas y José Manuel Salazar Palacios
250 ## - EDITION STATEMENT
Edition statement Primera edición
260 ## - PUBLICATION, DISTRIBUTION, ETC.
Place of publication, distribution, etc. México :
Name of publisher, distributor, etc. Fondo de Cultura Económica,
Date of publication, distribution, etc. 2002
300 ## - PHYSICAL DESCRIPTION
Extent 407 páginas ;
Dimensions 21 cm
490 0# - SERIES STATEMENT
Series statement Política y derecho
500 ## - GENERAL NOTE
General note Incluye índice analítico.
504 ## - BIBLIOGRAPHY, ETC. NOTE
Bibliography, etc. note Bibliografía: páginas 375-389
505 0# - FORMATTED CONTENTS NOTE
Formatted contents note Democracia y democratización -- El drama de las transiciones democráticas -- La sociedad civil -- La responsabilidad y el diseño institucional -- La corrupción política -- La autoridad monetaria -- La seguridad ciudadana -- La comparación de los procesos
520 ## - SUMMARY, ETC.
Summary, etc. Erráticos, impredecibles, metamórficos: así son los regímenes políticos surgidos en el mundo tras el colapso del socialismo real y el fortalecimiento de los mercados internacionales.
534 ## - ORIGINAL VERSION NOTE
Introductory phrase Democratization. Theory and experience
546 ## - LANGUAGE NOTE
Language note Traducido del inglés
650 14 - SUBJECT ADDED ENTRY--TOPICAL TERM
Topical term or geographic name entry element Democracia
General subdivision Corrupción política
9 (RLIN) 2614
650 14 - SUBJECT ADDED ENTRY--TOPICAL TERM
Topical term or geographic name entry element Seguridad ciudadana
9 (RLIN) 2615
650 14 - SUBJECT ADDED ENTRY--TOPICAL TERM
Topical term or geographic name entry element Democratización
9 (RLIN) 2258
650 14 - SUBJECT ADDED ENTRY--TOPICAL TERM
Topical term or geographic name entry element Ciencia política
General subdivision ideología
9 (RLIN) 2616
700 1# - ADDED ENTRY--PERSONAL NAME
Personal name Andrade Llanas, Liliana,
Relator term traductora
9 (RLIN) 2617
700 1# - ADDED ENTRY--PERSONAL NAME
Personal name Salazar Palacios, José Manuel,
Relator term traductor
9 (RLIN) 2618
942 ## - ADDED ENTRY ELEMENTS (KOHA)
Source of classification or shelving scheme Dewey Decimal Classification
Koha item type Books
Existencias
Withdrawn status Lost status Source of classification or shelving scheme Damaged status Not for loan Collection code Home library Current library Date acquired Source of acquisition Cost, normal purchase price Total Checkouts Full call number Barcode Date last seen Copy number Koha item type
    Dewey Decimal Classification     Non-fiction Biblioteca Pública José María del Castillo y Rada Biblioteca Pública José María del Castillo y Rada 04/15/2018 Donación 0.00   321.8 / W337d 430001377 05/16/2024 Ej.1 Books